| 000 | 00453nam a2200169Ia 4500 | ||
|---|---|---|---|
| 008 | 230718s9999 xx 000 0 und d | ||
| 020 | _a9788184043105 | ||
| 041 | _aeng | ||
| 082 |
_a005.4'32 _bADE |
||
| 100 | _aAdelstein T. | ||
| 245 | _aLinux System Administration | ||
| 260 |
_c2013 _bSPD/O'Reilly |
||
| 300 | _a279 | ||
| 365 |
_cRs. _b450.00 |
||
| 700 | _aAdelstein T. & Lubanovic B. | ||
| 906 |
_dO:0438614-Jan-2015B:392523-Dec-2014 _cIT _b112.5 |
||
| 999 |
_c339046 _d339046 |
||